India of the princes (Record no. 365502)

000 -LEADER
fixed length control field 00346cam a22001337a 4500
008 - FIXED-LENGTH DATA ELEMENTS--GENERAL INFORMATION
fixed length control field 180718b1939 xxu||||| |||| 00| 0 eng d
082 ## - DEWEY DECIMAL CLASSIFICATION NUMBER
Classification number A72x54 F746
100 ## - MAIN ENTRY--PERSONAL NAME
Personal name Forbes, Rosita
245 ## - TITLE STATEMENT
Title India of the princes
Statement of responsibility, etc. by Rosita Forbes
260 ## - PUBLICATION, DISTRIBUTION, ETC.
Place of publication, distribution, etc. London
Name of publisher, distributor, etc. The Right Bk. Club
Date of publication, distribution, etc. 1939
300 ## - PHYSICAL DESCRIPTION
Extent 319p.
500 ## - GENERAL NOTE
General note Rs.10.00
650 ## - SUBJECT ADDED ENTRY--TOPICAL TERM
Topical term or geographic name entry element India Desc
Holdings
Withdrawn status Lost status Damaged status Not for loan Permanent Location Current Location Date acquired Full call number Barcode Date last seen Price effective from Koha item type
        Indian Institute of Public Administration Indian Institute of Public Administration 2010-04-05 A72x54 F746 23796 2018-07-21 2018-07-21 Book

Powered by Koha